Alternatívne investície hľadanie pridanej hodnoty
Základné znaky alternatívnych investícií. Viacero možností investícií do alternatívnych aktív, ktoré nielen inštitucionálni, ale aj súkromní investori posudzujú pri rozhodovaní a alokovaní svojich finančných zdrojov. Alternatívne aktíva: Indexové fondy, nehnuteľnosti, venture capital spoločnosti, ne...
Gespeichert in:
| 1. Verfasser: | |
|---|---|
| Format: | Buchkapitel |
| Sprache: | Slowakisch |
| Schlagworte: | |
| Tags: |
Keine Tags, Fügen Sie das erste Tag hinzu!
|
MARC
| LEADER | 00000naa$a2200000$$$4500 | ||
|---|---|---|---|
| 001 | 0025346 | ||
| 005 | 20231019082601.1 | ||
| 041 | 0 | |a slo | |
| 044 | |a SK | ||
| 245 | 1 | 0 | |a Alternatívne investície |b hľadanie pridanej hodnoty |c Róbert Bohyník |
| 520 | |a Základné znaky alternatívnych investícií. Viacero možností investícií do alternatívnych aktív, ktoré nielen inštitucionálni, ale aj súkromní investori posudzujú pri rozhodovaní a alokovaní svojich finančných zdrojov. Alternatívne aktíva: Indexové fondy, nehnuteľnosti, venture capital spoločnosti, neverejne obchodované spoločnosti, spoločnosti v núdzi a zbankrotované spoločnosti, komodity a iné. Minimálny objem investície. | ||
| 610 | 2 | 0 | |a investície alternatívne |
| 610 | 2 | 0 | |a investície kapitálové |
| 610 | 2 | 0 | |a investori |
| 610 | 2 | 0 | |a rozhodovanie investičné |
| 610 | 2 | 0 | |a aktíva |
| 610 | 2 | 0 | |a investície finančné |
| 100 | 1 | |a Bohyník, Róbert | |